FROM PLASSEY TO PARTITION AND AFTER (Record no. 20957)

MARC details
000 -LEADER
fixed length control field 00368nam a22001457a 4500
003 - CONTROL NUMBER IDENTIFIER
control field SGT
020 ## - INTERNATIONAL STANDARD BOOK NUMBER
International Standard Book Number 9788125057239
082 ## - DEWEY DECIMAL CLASSIFICATION NUMBER
Classification number 954.03
Item number BAN
100 ## - MAIN ENTRY--PERSONAL NAME
Personal name BANDYOPADHYAY ,SEKHAR
245 ## - TITLE STATEMENT
Title FROM PLASSEY TO PARTITION AND AFTER
Remainder of title A HISTORY OF MODERN INDIA
250 ## - EDITION STATEMENT
Edition statement 2
260 ## - PUBLICATION, DISTRIBUTION, ETC. (IMPRINT)
Place of publication, distribution, etc HYDERABAD
Name of publisher, distributor, etc ORIENT BLACKSWAN
Year of Publication 2020
300 ## - PAGE DESCRIPTION
No. of Pages XXI , 586
942 ## - ADDED ENTRY ELEMENTS (KOHA)
Source of classification or shelving scheme Dewey Decimal Classification
Koha item type Books
942 ## - ADDED ENTRY ELEMENTS (KOHA)
-- 1
Holdings
Withdrawn status Lost status Source of classification or shelving scheme Damaged status Not for loan Collection code Home library Current library Shelving location Date acquired Vendor Name Cost, normal purchase price SGTU Bill Number Total Checkouts Full call number Accession No. (Barcode) Date last seen Bill Date Koha item type Date last borrowed
    Dewey Decimal Classification     LAW SGT Science & Social Sciences Library SGT Science & Social Sciences Library Text Book 13/03/2021 AHUJA BOOK COMPANY 475.00 SGTU 12726   954.03 BAN FL2542 13/03/2021 19/02/2021 Books  
    Dewey Decimal Classification     LAW SGT Science & Social Sciences Library SGT Science & Social Sciences Library Text Book 13/03/2021 AHUJA BOOK COMPANY 475.00 SGTU 12726   954.03 BAN FL2543 13/03/2021 19/02/2021 Books  
    Dewey Decimal Classification     LAW SGT Science & Social Sciences Library SGT Science & Social Sciences Library Text Book 13/03/2021 AHUJA BOOK COMPANY 475.00 SGTU 12726   954.03 BAN FL2544 13/03/2021 19/02/2021 Books  
    Dewey Decimal Classification     LAW SGT Science & Social Sciences Library SGT Science & Social Sciences Library Text Book 13/03/2021 AHUJA BOOK COMPANY 475.00 SGTU 12726 1 954.03 BAN FL2545 03/09/2021 19/02/2021 Books 16/08/2021
    Dewey Decimal Classification     LAW SGT Science & Social Sciences Library SGT Science & Social Sciences Library Text Book 13/03/2021 AHUJA BOOK COMPANY 475.00 SGTU 12726 2 954.03 BAN FL2546 20/10/2021 19/02/2021 Books 05/10/2021